Top 10 Countries With Highest Numbers Of Vehicles - Statistics

General Stats
  • This quiz has been taken 67 times
  • The average score is 8 of 10
Answer Stats
Answer % Correct
USA
98%
China
95%
Germany
87%
UK
87%
Japan
86%
France
79%
Russia
75%
Italy
70%
Brazil
68%
Spain
67%
No matching quizzes found
Score Distribution
Percent of People with Each Score
Percentile by Number Answered
Your Score History
You have not taken this quiz